Engineering Construction and Architectural Management (Record no. 119262)

MARC details
000 -LEADER
fixed length control field 00813cas a22001935a 4500
001 - CONTROL NUMBER
control field L149462
008 - FIXED-LENGTH DATA ELEMENTS--GENERAL INFORMATION
fixed length control field 070613c1963 xxkwr p 0 a0eng
022 1# - INTERNATIONAL STANDARD SERIAL NUMBER
International Standard Serial Number 1074-8105
035 ## - SYSTEM CONTROL NUMBER
System control number (Sirsi) u149462
041 0# - LANGUAGE CODE
Language code of text/sound track or separate title eng
245 ## - TITLE STATEMENT
Title Engineering Construction and Architectural Management
Medium [electronic resource]
260 ## - PUBLICATION, DISTRIBUTION, ETC.
Place of publication, distribution, etc. Oxford
Name of publisher, distributor, etc. Blackwell Publishing Limited
Date of publication, distribution, etc. 2003-
520 ## - SUMMARY, ETC.
Summary, etc. Coverage of research in all areas of construction; building, civil engineering, major infrastructure and maintenance.
651 #4 - SUBJECT ADDED ENTRY--GEOGRAPHIC NAME
Geographic name International
690 ## - LOCAL SUBJECT ADDED ENTRY--TOPICAL TERM (OCLC, RLIN)
Topical term or geographic name as entry element MANAGEMENT-DISPUTE AVOIDANCE, MANAGEMENT AND RESOLUTION-DISPUTE MANAGEMENT AND RESOLUTION-ARBITRATION
856 41 - ELECTRONIC LOCATION AND ACCESS
Uniform Resource Identifier <a href="https://www.emeraldgrouppublishing.com/journal/ecam">https://www.emeraldgrouppublishing.com/journal/ecam</a>
Public note Abstracts available free, full articles at a cost
942 ## - ADDED ENTRY ELEMENTS (KOHA)
Suppress in OPAC 0
Source of classification or shelving scheme Dewey Decimal Classification
948 ## - LOCAL PROCESSING INFORMATION (OCLC); SERIES PART DESIGNATOR (RLIN)
c (OCLC) 08/03/2010
Holdings
Withdrawn status Lost status Source of classification or shelving scheme Damaged status Not for loan Home library Current library Shelving location Date acquired Total Checkouts Full call number Barcode Date last seen Price effective from Koha item type
    Dewey Decimal Classification     Virtual Virtual Journals 08/03/2010   ONLINE JOURNAL 149462-2001 21/06/2023 06/08/2019 Journal